Podľa princípov svetového obchodu.

Právnou normou, ktorá regulovala dodávky tovaru v rámci RVHP boli Všeobecné dodacie podmienky RVHP (VDP). Prehľad o tom, ako sa s bývalými členskými štátmi RVHP a s druhými štátmi uskutočňuje transformácia záväzkov prijatých v rámci VDP na nové medzinárodné podmienky.

Enregistré dans:
Détails bibliographiques
Auteur principal: Hanuliak, L.
Format: Chapitre de livre
Langue:slovaque
Sujets:
Tags: Ajouter un tag
Pas de tags, Soyez le premier à ajouter un tag!

MARC

LEADER 00000naa a2200000 4500
001 r006630
005 20221125075642.0
041 0 |a slo 
044 |a [CS] 
245 1 0 |a Podľa princípov svetového obchodu.  |c L. Hanuliak 
520 |a Právnou normou, ktorá regulovala dodávky tovaru v rámci RVHP boli Všeobecné dodacie podmienky RVHP (VDP). Prehľad o tom, ako sa s bývalými členskými štátmi RVHP a s druhými štátmi uskutočňuje transformácia záväzkov prijatých v rámci VDP na nové medzinárodné podmienky. 
610 2 0 |a obchod medzinárodný 
610 2 0 |a predpisy právne 
610 2 0 |a obchod zahraničný 
610 2 0 |a VDP RVHP 
100 1 |a Hanuliak, L.